[Event "Tver Region (Women) op"]
[Site "Kimry"]
[Date "2009.12.06"]
[Round "3"]
[White "Bylinkina, Anna"]
[Black "Zolotova, Lubov"]
[Result "1-0"]
[WhiteElo "1715"]
[BlackElo "1878"]
[PlyCount "69"]
[EventDate "2009.12.04"]
[EventType "swiss"]
[EventRounds "7"]
[EventCountry "RUS"]
[SourceTitle "EXT 2022"]
[Source "ChessBase"]
[SourceDate "2021.10.06"]
[SourceVersion "1"]
[SourceVersionDate "2021.10.06"]
[SourceQuality "1"]

1. e4 e5 2. Nf3 Nc6 3. Bb5 a6 4. Ba4 d6 5. 0-0 Bg4 6. h3 Be6 7. d3 Be7 8. c3 Nf6 9. Re1 0-0 10. Nbd2 b5 11. Bc2 Nd7 12. d4 exd4 13. cxd4 d5 14. Nf1 Nb6 15. Ne3 Rc8 16. exd5 Nxd5 17. Bxh7+ Kxh7 18. Qc2+ Kg8 19. Qxc6 Nb4 20. Qe4 Bf6 21. a3 Nd5 22. Qc2 c6 23. Bd2 Nf4 24. Nf5 Qc7 25. Rac1 Bc4 26. Bb4 Rfe8 27. Bd6 Qd7 28. Bxf4 Be6 29. Nd6 Red8 30. Nxc8 Rxc8 31. Be5 Bf5 32. Qd2 Be7 33. Qe3 Bf8 34. Bg3 Bh7 35. Ne5 1-0

[Event "Kimry-ch"]
[Site "Kimry"]
[Date "2008.01.03"]
[Round "3"]
[White "Zolotova, Lubov"]
[Black "Karklin, Viacheslav"]
[Result "0-1"]
[WhiteElo "1906"]
[BlackElo "2171"]
[PlyCount "58"]
[EventDate "2008.01.02"]
[EventType "swiss"]
[EventRounds "9"]
[EventCountry "RUS"]
[SourceTitle "CBM 122 Extra"]
[Source "ChessBase"]
[SourceDate "2008.03.04"]
[SourceVersion "1"]
[SourceVersionDate "2008.03.04"]
[SourceQuality "1"]

1. d4 Nf6 2. Nf3 e6 3. g3 c5 4. c3 b6 5. Bg2 Bb7 6. Bf4 Be7 7. 0-0 0-0 8. Nbd2 d5 9. Re1 Nbd7 10. Qc2 b5 11. b3 Qb6 12. Rad1 Rfc8 13. Qb2 a5 14. Qb1 cxd4 15. cxd4 Bb4 16. e3 Ba3 17. Ne5 Nf8 18. Nd3 Ng6 19. Nf3 Ne4 20. Nc5 Nxc5 21. dxc5 Rxc5 22. Qd3 Rac8 23. Be5 Nxe5 24. Nxe5 Qc7 25. Qd4 Rc2 26. Nd3 Rxa2 27. Rb1 b4 28. Bf1 Rc2 29. Nb2 e5 0-1

[Event "Kimry-ch"]
[Site "Kimry"]
[Date "2008.01.02"]
[Round "1"]
[White "Zolotova, Lubov"]
[Black "Volkov, Anton"]
[Result "0-1"]
[WhiteElo "1906"]
[BlackElo "2212"]
[PlyCount "116"]
[EventDate "2008.01.02"]
[EventType "swiss"]
[EventRounds "9"]
[EventCountry "RUS"]
[SourceTitle "CBM 122 Extra"]
[Source "ChessBase"]
[SourceDate "2008.03.04"]
[SourceVersion "1"]
[SourceVersionDate "2008.03.04"]
[SourceQuality "1"]

1. d4 Nf6 2. Nf3 g6 3. g3 Bg7 4. Bg2 0-0 5. 0-0 d6 6. Re1 c5 7. c3 Qa5 8. Na3 cxd4 9. Nxd4 a6 10. Nc4 Qc7 11. Qb3 Nbd7 12. Be3 d5 13. Nd2 e5 14. Nc2 Nc5 15. Bxc5 Qxc5 16. Rac1 b5 17. Ne3 Be6 18. Qc2 Rac8 19. b4 Qb6 20. Nb3 d4 21. Nd1 Rfd8 22. Nc5 Bd5 23. Bxd5 Nxd5 24. e4 dxe3 25. Nxe3 Bf8 26. Nxd5 Rxd5 27. Ne4 Be7 28. Qe2 f5 29. Nd2 Rcd8 30. Nf3 e4 31. Nd4 Bf6 32. Qe3 Bxd4 33. cxd4 Qxd4 34. Qb3 Kg7 35. Qc3 Qxc3 36. Rxc3 Kf6 37. Rc6+ R5d6 38. Rxd6+ Rxd6 39. Re2 Rc6 40. Rd2 Ke7 41. Kf1 Rc4 42. a3 Rc1+ 43. Kg2 Ra1 44. Rc2 Rxa3 45. Rc7+ Kf6 46. Rxh7 Rb3 47. Ra7 Rxb4 48. Rxa6+ Kg7 49. Rb6 Rb2 50. Re6 Kf7 51. Re5 Kf6 52. Re8 b4 53. h4 b3 54. Kf1 Rc2 55. Rb8 b2 56. Rb6+ Kg7 57. Rb7+ Kh6 58. Kg2 e3 0-1

[Event "Kimry-ch"]
[Site "Kimry"]
[Date "2007.01.03"]
[Round "4"]
[White "Pitelin, Igor"]
[Black "Zolotova, Lubov"]
[Result "1-0"]
[WhiteElo "2099"]
[BlackElo "1944"]
[PlyCount "59"]
[EventDate "2007.01.02"]
[EventType "swiss"]
[EventRounds "9"]
[EventCountry "RUS"]
[SourceTitle "EXT 2010"]
[Source "ChessBase"]
[SourceDate "2010.11.25"]
[SourceVersion "1"]
[SourceVersionDate "2010.11.25"]
[SourceQuality "1"]

1. e4 e5 2. Nf3 Nc6 3. Bb5 f6 4. d4 a6 5. Ba4 d5 6. exd5 Qxd5 7. Nc3 Bb4 8. Bb3 Qe4+ 9. Be3 exd4 10. Nxd4 Qxg2 11. Kd2 Nxd4 12. Bxd4 Bf5 13. Qe2+ Ne7 14. Qc4 Bxc3+ 15. bxc3 0-0-0 16. Rae1 Qxf2+ 17. Kc1 Qf4+ 18. Kb2 Rhe8 19. Rhf1 Qh6 20. Qc5 b6 21. Qc4 Kb7 22. Rxe7 Rxe7 23. Rxf5 Re1 24. Ka3 Qc1+ 25. Kb4 a5+ 26. Ka4 c6 27. Bxb6 Rde8 28. Bd4 R1e4 29. Rxa5 Qf4 30. Ra7+ 1-0

[Event "Kimry-ch"]
[Site "Kimry"]
[Date "2003.??.??"]
[Round "3"]
[White "Kudrin, Vladimir1111"]
[Black "Zolotova, Lubov"]
[Result "1-0"]
[WhiteElo "2030"]
[BlackElo "1955"]
[PlyCount "103"]
[EventDate "2003.??.??"]
[EventType "swiss"]
[EventRounds "9"]
[EventCountry "RUS"]
[SourceTitle "EXT 2007"]
[Source "ChessBase"]
[SourceDate "2006.11.23"]
[SourceVersion "1"]
[SourceVersionDate "2006.11.23"]
[SourceQuality "1"]

1. d4 d5 2. c4 c6 3. e3 Nf6 4. Nc3 Bf5 5. Nf3 e6 6. a3 Nbd7 7. b3 c5 8. cxd5 exd5 9. dxc5 Nxc5 10. b4 Nce4 11. Bb5+ Bd7 12. Bb2 Nxc3 13. Bxd7+ Qxd7 14. Bxc3 Ne4 15. Bd4 Qb5 16. Qe2 Qa4 17. 0-0 f6 18. Rfc1 Bd6 19. Nh4 Qd7 20. Qh5+ Qf7 21. Qxf7+ Kxf7 22. Nf5 Bb8 23. Rc2 Nd6 24. Nh4 Nc4 25. Nf3 Bd6 26. Nd2 b5 27. Nb3 Rhc8 28. g3 Ke6 29. Nc5+ Bxc5 30. bxc5 a5 31. Kf1 Kf5 32. Ke2 b4 33. axb4 axb4 34. Rxa8 Rxa8 35. f3 b3 36. Rc1 b2 37. Rb1 Ra2 38. h4 h5 39. Kd3 Ra3+ 40. Kc2 Nxe3+ 41. Kxb2 Nc4+ 42. Kc2 Rxf3 43. Rg1 g5 44. hxg5 fxg5 45. Re1 Rxg3 46. c6 Na3+ 47. Kd2 Nb5 48. Re5+ Kf4 49. Rxd5 Rg2+ 50. Kd3 Nxd4 51. Rxd4+ Ke5 52. c7 1-0

[Event "Tver region-ch (Women)"]
[Site "Kimry"]
[Date "2003.??.??"]
[Round "5"]
[White "Prizant, Julia"]
[Black "Zolotova, Lubov"]
[Result "1/2-1/2"]
[WhiteElo "2035"]
[BlackElo "1955"]
[PlyCount "27"]
[EventDate "2003.??.??"]
[EventType "swiss"]
[EventRounds "9"]
[EventCountry "RUS"]
[SourceTitle "EXT 2005"]
[Source "ChessBase"]
[SourceDate "2004.11.15"]
[SourceVersion "1"]
[SourceVersionDate "2004.11.15"]
[SourceQuality "1"]

1. e4 c5 2. Nf3 e6 3. d4 cxd4 4. Nxd4 Nf6 5. Nc3 a6 6. Be2 Qc7 7. 0-0 d6 8. f4 Nbd7 9. Kh1 b5 10. Bf3 Bb7 11. a3 Nc5 12. Qe1 e5 13. Nf5 Rc8 14. Bd2 1/2-1/2

[Event "Tver region-ch (Women)"]
[Site "Kimry"]
[Date "2003.??.??"]
[Round "7"]
[White "Sherbakova, Elena"]
[Black "Zolotova, Lubov"]
[Result "1-0"]
[WhiteElo "2012"]
[BlackElo "1955"]
[PlyCount "53"]
[EventDate "2003.??.??"]
[EventType "swiss"]
[EventRounds "9"]
[EventCountry "RUS"]
[SourceTitle "EXT 2005"]
[Source "ChessBase"]
[SourceDate "2004.11.15"]
[SourceVersion "1"]
[SourceVersionDate "2004.11.15"]
[SourceQuality "1"]

1. e4 c5 2. Nf3 e6 3. d4 cxd4 4. Nxd4 Nf6 5. Nc3 d6 6. g3 Be7 7. Bg2 Nc6 8. Nxc6 bxc6 9. 0-0 Qc7 10. b3 0-0 11. Bb2 e5 12. h3 Be6 13. f4 exf4 14. gxf4 Rab8 15. Qf3 d5 16. exd5 Bxd5 17. Nxd5 Nxd5 18. c4 Bc5+ 19. Kh1 Ne3 20. Be5 Qe7 21. Rae1 Nxf1 22. Rxf1 Rbd8 23. Qh5 Qe6 24. Bxg7 Kxg7 25. Qxc5 Rd2 26. Rg1 Kh8 27. Qxf8# 1-0

[Event "Tver region-ch (Women)"]
[Site "Kimry"]
[Date "2003.??.??"]
[Round "8"]
[White "Tjurina, Julia"]
[Black "Zolotova, Lubov"]
[Result "1-0"]
[WhiteElo "1891"]
[BlackElo "1955"]
[PlyCount "35"]
[EventDate "2003.??.??"]
[EventType "swiss"]
[EventRounds "9"]
[EventCountry "RUS"]
[SourceTitle "EXT 2005"]
[Source "ChessBase"]
[SourceDate "2004.11.15"]
[SourceVersion "1"]
[SourceVersionDate "2004.11.15"]
[SourceQuality "1"]

1. e4 c5 2. c3 d5 3. exd5 Qxd5 4. d4 Nf6 5. Nf3 Bg4 6. Be2 cxd4 7. cxd4 e6 8. Nc3 Bb4 9. 0-0 Bxc3 10. bxc3 0-0 11. Re1 Nc6 12. Qc2 Rac8 13. Be3 Bf5 14. Bd3 Ne4 15. c4 Nb4 16. Qb3 Qa5 17. Bxe4 Bxe4 18. Bd2 1-0

[Event "Russia op (Women)"]
[Site "Russia"]
[Date "2003.??.??"]
[Round "7"]
[White "Zolotova, Lubov"]
[Black "Sjusjurko, Olga"]
[Result "1-0"]
[WhiteElo "1955"]
[BlackElo "1800"]
[PlyCount "63"]
[EventDate "2003.??.??"]
[EventType "swiss"]
[EventRounds "7"]
[EventCountry "RUS"]
[SourceTitle "EXT 2009"]
[Source "ChessBase"]
[SourceDate "2008.11.26"]
[SourceVersion "1"]
[SourceVersionDate "2008.11.26"]
[SourceQuality "1"]

1. d4 d5 2. g3 Nc6 3. Nf3 Nf6 4. Bg2 Bg4 5. c3 e6 6. Bg5 Be7 7. 0-0 0-0 8. Nbd2 Bxf3 9. Bxf3 e5 10. dxe5 Nxe5 11. Bg2 h6 12. Bxf6 Bxf6 13. Qb3 c6 14. f4 Ng4 15. Rf3 Re8 16. Re1 g5 17. Bh3 Qd7 18. Nf1 Re4 19. Ne3 h5 20. Ref1 Qd6 21. Bxg4 hxg4 22. Nxg4 Qc5+ 23. Kh1 Bd8 24. Qxb7 Qb6 25. Qxa8 Rxe2 26. fxg5 Rxb2 27. Nh6+ Kg7 28. Rxf7+ Kg6 29. Qxa7 Kxg5 30. Rg7+ Kxh6 31. Rh7+ Kg6 32. Qg7# 1-0

[Event "Russia op (Women)"]
[Site "Russia"]
[Date "2003.??.??"]
[Round "4"]
[White "Zolotova, Lubov"]
[Black "Tjurina, Julia"]
[Result "1-0"]
[WhiteElo "1955"]
[BlackElo "1890"]
[PlyCount "76"]
[EventDate "2003.??.??"]
[EventType "swiss"]
[EventRounds "7"]
[EventCountry "RUS"]
[SourceTitle "EXT 2009"]
[Source "ChessBase"]
[SourceDate "2008.11.26"]
[SourceVersion "1"]
[SourceVersionDate "2008.11.26"]
[SourceQuality "1"]

1. d4 d5 2. g3 g6 3. Bg2 Bg7 4. Nf3 Nf6 5. 0-0 0-0 6. c3 Nc6 7. Re1 Re8 8. Bf4 Bf5 9. Nbd2 e6 10. Nh4 Be4 11. Nxe4 Nxe4 12. Bxe4 dxe4 13. Qd2 a5 14. f3 exf3 15. exf3 b5 16. Qe3 b4 17. Rad1 Qd5 18. Qe4 Qh5 19. Qxc6 g5 20. Bxg5 Qxg5 21. Qxc7 bxc3 22. Qxc3 Rac8 23. Qd3 Red8 24. f4 Qd5 25. Nf3 Qxa2 26. Rd2 Rb8 27. Ree2 Qd5 28. Ne5 Rdc8 29. Qe4 Rc1+ 30. Kf2 Qxe4 31. Rxe4 f6 32. Nd3 Rh1 33. Kg2 f5 34. Rxe6 Ra1 35. Ne5 a4 36. Ra6 Bf8 37. Nd7 Rc8 38. Nxf8 Rxf8 1-0